Historia del origen, invención y milagros de la sagrada imagen de Nuestra Señora de la Almudena (Record no. 167204)

MARC details
000 -LEADER
campo de control de longitud fija 01229nam a2200253 i 4500
001 - NÚMERO DE CONTROL
campo de control 167204
003 - IDENTIFICADOR DE NÚMERO DE CONTROL
campo de control ES-MaACL
005 - FECHA Y HORA DE LA ÚLTIMA TRANSACCIÓN
campo de control 20230906213457.0
008 - DATOS DE LONGITUD FIJA--INFORMACIÓN GENERAL
campo de control de longitud fija 931025s1692 sp a |||| | spa d
100 1# - ENTRADA PRINCIPAL--NOMBRE DE PERSONA
Nombre de persona Vera Tassis y Villarroel, Juan de.
9 (RLIN) 133620
245 10 - MENCIÓN DEL TÍTULO
Título Historia del origen, invención y milagros de la sagrada imagen de Nuestra Señora de la Almudena
Resto del título : antigüedades y excelencias de Madrid... /
Mención de responsabilidad, etc. Juan de Vera Tassis y Villarroel...
260 ## - PUBLICACIÓN, DISTRIBUCIÓN, ETC.
Lugar de publicación, distribución, etc. En Madrid :
Nombre del editor, distribuidor, etc. por Francisco Sanz...,
Fecha de publicación, distribución, etc. 1692.
300 ## - DESCRIPCIÓN FÍSICA
Extensión [16], 511 p. [1] h. de grab. ;
Dimensiones Fol. (30 cm)
530 ## - NOTA DISPONIBLE DE FORMULARIO FÍSICO ADICIONAL
Nota de formato físico adicional disponible Disponible en formato digital.
597 ## - NOTA DE DESCRIPCIÓN FÍSICA
NOTA DE DESCRIPCIÓN FÍSICA Sign.: [calderón]8, A-Z6, 2A-2T6, 2V3.
597 ## - NOTA DE DESCRIPCIÓN FÍSICA
NOTA DE DESCRIPCIÓN FÍSICA Apostillas marginales.
597 ## - NOTA DE DESCRIPCIÓN FÍSICA
NOTA DE DESCRIPCIÓN FÍSICA Texto enmarcado.
597 ## - NOTA DE DESCRIPCIÓN FÍSICA
NOTA DE DESCRIPCIÓN FÍSICA Port. orlada.
599 ## - NOTA A LAS ILUSTRACIONES
NOTA A LAS ILUSTRACIONES La h. de grab., entre [calderón]8 y A1 es calc.: "Franciscus Ygnacius Ruiz Pictor Regius"
650 #4 - PUNTO DE ACCESO ADICIONAL DE MATERIA--TÉRMINO DE MATERIA
Término de materia o nombre geográfico como elemento de entrada Virgen de la Almudena.
9 (RLIN) 157617
651 #4 - PUNTO DE ACCESO ADICIONAL DE MATERIA--NOMBRE GEOGRÁFICO
Nombre geográfico Madrid-
Subdivisión general Historia.
9 (RLIN) 8963
852 ## - LOCALIZACIÓN
Ubicación ES-MaACL
Número de control de estantería R-1535
Nota libre - Enc. piel no original de la época
condición física - Falto de la h. de grab.
Encuadernación Olim:1535
856 ## - LOCALIZACIÓN Y ACCESO ELECTRÓNICOS
Identificador Uniforme de Recursos <a href="http://bibliotecavirtualmadrid.org/bvmadrid_publicacion/i18n/consulta/registro.do?id=462">http://bibliotecavirtualmadrid.org/bvmadrid_publicacion/i18n/consulta/registro.do?id=462</a>
Nota pública Biblioteca Digital de la Comunidad de Madrid
Holdings
Estatus retirado Estado de pérdida Estado de daño No para préstamo Colección Biblioteca de origen Biblioteca actual Ubicación en estantería Fecha de adquisición Fuente de adquisición Total de préstamos Signatura topográfica completa Código de barras Visto por última vez Precio de reemplazo Tipo de ítem Koha
        Colección digital Biblioteca del Ateneo de Madrid Biblioteca del Ateneo de Madrid Depósito 17/01/2008     R-1535 1175397 23/02/2023 23/02/2023 Libro impreso antiguo